Source Book for Civic Education (Record no. 3736)
[ view plain ]
| 000 -LEADER | |
|---|---|
| fixed length control field | 00354nam a22001217a 4500 |
| 008 - FIXED-LENGTH DATA ELEMENTS--GENERAL INFORMATION | |
| fixed length control field | 230704b xxu||||| |||| 00| 0 eng d |
| 082 ## - DEWEY DECIMAL CLASSIFICATION NUMBER | |
| Classification number | 342 |
| Item number | CKRC |
| 110 ## - MAIN ENTRY--CORPORATE NAME | |
| Subordinate unit | Constitution of Kenya Review Commission |
| 245 ## - TITLE STATEMENT | |
| Title | Source Book for Civic Education |
| Remainder of title | Referendum 2005 |
| 260 ## - PUBLICATION, DISTRIBUTION, ETC. (IMPRINT) | |
| Name of publisher, distributor, etc. | Constitution of Kenya Review Commission |
| 300 ## - PHYSICAL DESCRIPTION | |
| Extent | 112p |
| 942 ## - ADDED ENTRY ELEMENTS (KOHA) | |
| Source of classification or shelving scheme | Dewey Decimal Classification |
| Koha item type | Books |
No items available.
